Psicopolítica. Neoliberalismo y nuevas técnicas de poder
Salvato in:
| Autore principale: | |
|---|---|
| Natura: | Libro |
| Lingua: | spagnolo |
| Pubblicazione: |
Barcelona, España:
Herder,
2014.
|
| Edizione: | 1a. ed. |
| Serie: | Pensamiento Herder.
|
| Soggetti: | |
| Accesso online: | Disponible Online |
| Tags: |
Aggiungi Tag
Nessun Tag, puoi essere il primo ad aggiungerne!!
|
MARC
| LEADER | 00000cam a2200000 a 4500 | ||
|---|---|---|---|
| 001 | UCE6346 | ||
| 003 | CL-VaPUC | ||
| 005 | 20250410160640.0 | ||
| 008 | 150402e20140000sp |||||||||||||||||spa|d | ||
| 999 | |c 358678 |d 358676 | ||
| 020 | |a 9788425433986 | ||
| 020 | |a 9788425433993 |q (electronic bk.) | ||
| 020 | |a 8425433991 |q (electronic bk.) | ||
| 020 | |a 9788425435805 |q (electronic bk.) | ||
| 020 | |a 8425435803 |q (electronic bk.) | ||
| 040 | |c Pontificia Universidad Católica de Valparaíso | ||
| 082 | 0 | 4 | |a 320.513 HAN 2014 |2 21 |
| 100 | |a Han, Byung-Chul |e autor |9 863113 | ||
| 245 | 1 | 0 | |a Psicopolítica. |b Neoliberalismo y nuevas técnicas de poder |
| 250 | |a 1a. ed. |b Tercera impresión de la primera edición. | ||
| 260 | |a Barcelona, España: |b Herder, |c 2014. | ||
| 300 | |a 127 páginas | ||
| 300 | |a 1 online resource (127 pages). | ||
| 490 | 0 | |a Pensamiento Herder. | |
| 500 | |a e-book Instituto Arcos 8-1-2025. | ||
| 583 | |a last modification |c 20181219 04:57:38 |k Rodrigo Vera | ||
| 590 | |a Added to collection customer.56279.3 | ||
| 650 | 0 | |a Neoliberalismo |9 330090 | |
| 650 | 0 | |a Capitalismo |9 255255 | |
| 856 | 4 | 0 | |u https://pucv.idm.oclc.org/login?url=https://search.ebscohost.com/login.aspx?direct=true&scope=site&db=nlebk&db=nlabk&AN=1544689 |y Disponible Online |3 EBSCOhost |
| 942 | |c BK |2 ddc | ||
| 945 | |d 20150402 11:08:00 |a arojas | ||
| 952 | |0 0 |1 0 |3 erb |4 0 |6 320_513000000000000_HAN_2014 |7 0 |8 A |9 467534 |a BIBEDU |b BIBEDU |i 5144779 |o 320.513 HAN 2014 |p 5144779 |r 2019-11-23 |w 2019-11-23 |y BK |z Catalogado en:20150402 |k EPE | ||
| 952 | |0 0 |1 0 |3 erb |4 0 |6 320_513000000000000_HAN_2014 |7 0 |8 A |9 467535 |a BIBGIM |b BIBGIM |i 5524148 |l 2 |o 320.513 HAN 2014 |p 5524148 |r 2025-01-15 |s 2024-06-19 |w 2019-11-23 |y BK |z Catalogado en:20181220 |k COM | ||
| 952 | |0 0 |1 0 |3 erb |4 0 |6 320_513000000000000_HAN_2014 |7 0 |8 A |9 467536 |a BIBTEO |b BIBTEO |d 2019-08-13 |e 8 |g 11200.00 |i 5559251 |l 4 |m 1 |o 320.513 HAN 2014 |p 5559251 |r 2025-04-30 |s 2025-04-23 |v 11200.00 |w 2019-11-23 |y BK |z Catalogado en:20190814 |k ICR | ||
| 952 | |0 0 |1 0 |2 ddc |4 0 |6 320_513000000000000_HAN_2014 |7 5 |8 A |9 602404 |a BIBINC |b BIBINC |c ONLINE |d 2025-04-10 |e Instituto Arcos |i 358678 |o 320.513 HAN 2014 |p 358678 |r 2025-04-10 |w 2025-04-10 |y EBK |k IFP | ||